[Event "ccc 2015 1"]
[Site "?"]
[Date "2015.05.03"]
[Round "9.1"]
[White "Danielsen,2520, GM Henrik"]
[Black "Semcesen,2481, GM Daniel"]
[Result "1-0"]
[BlackElo "2481"]
[WhiteElo "2520"]
[LiveChessVersion "1.4.5"]

1. Nf3 {[%clk 1:30:56]} d5 {[%clk 1:29:36]} 2. c4 {[%clk 1:31:05]} dxc4
{[%clk 1:29:11]} 3. e3 {[%clk 1:31:23]} Be6 {[%clk 1:29:31]} 4. Na3
{[%clk 1:31:03]} Nf6 {[%clk 1:29:38]} 5. Nxc4 {[%clk 1:31:07]} g6
{[%clk 1:28:51]} 6. b3 {[%clk 1:29:25]} Bg7 {[%clk 1:29:09]} 7. Bb2
{[%clk 1:29:49]} O-O {[%clk 1:29:33]} 8. Be2 {[%clk 1:29:54]} c5 {[%clk 1:28:38]}
9. O-O {[%clk 1:29:25]} Nc6 {[%clk 1:28:58]} 10. d4 {[%clk 1:21:57]} cxd4
{[%clk 1:25:45]} 11. Nxd4 {[%clk 1:21:44]} Bd5 {[%clk 1:22:23]} 12. Nxc6
{[%clk 1:18:33]} Bxc6 {[%clk 1:22:45]} 13. Bf3 {[%clk 1:18:26]} Bxf3
{[%clk 1:20:06]} 14. Qxf3 {[%clk 1:17:19]} Qd5 {[%clk 1:20:28]} 15. Rfd1
{[%clk 1:14:57]} Qxf3 {[%clk 1:19:06]} 16. gxf3 {[%clk 1:15:24]} Rfc8
{[%clk 1:18:16]} 17. Rd2 {[%clk 1:14:14]} Rc7 {[%clk 1:13:24]} 18. Rad1
{[%clk 1:12:38]} Ne8 {[%clk 0:59:53]} 19. Rd8 {[%clk 1:10:16]} Rcc8
{[%clk 0:53:40]} 20. Rxc8 {[%clk 1:10:29]} Rxc8 {[%clk 0:53:58]} 21. Bxg7
{[%clk 1:10:42]} Kxg7 {[%clk 0:53:13]} 22. Rd7 {[%clk 1:11:00]} b5
{[%clk 0:46:44]} 23. Na5 {[%clk 1:08:00]} Rc1+ {[%clk 0:33:35]} 24. Kg2
{[%clk 1:07:57]} Rc2 {[%clk 0:28:32]} 25. Rxe7 {[%clk 1:07:45]} Nd6
{[%clk 0:28:09]} 26. e4 {[%clk 0:55:00]} a6 {[%clk 0:18:55]} 27. a3
{[%clk 0:43:06]} Ra2 {[%clk 0:17:52]} 28. Rd7 {[%clk 0:42:29]} Ne8
{[%clk 0:15:54]} 29. e5 {[%clk 0:41:17]} Kf8 {[%clk 0:16:01]} 30. Nc6
{[%clk 0:39:09]} Ng7 {[%clk 0:09:19]} 31. Rd8+ {[%clk 0:38:57]} Ne8
{[%clk 0:09:48]} 32. Nb4 {[%clk 0:38:39]} Re2 {[%clk 0:09:53]} 33. Nxa6
{[%clk 0:36:27]} Ke7 {[%clk 0:10:07]} 34. Rd5 {[%clk 0:36:45]} Ra2
{[%clk 0:10:14]} 35. Rxb5 {[%clk 0:36:31]} Rxa3 {[%clk 0:10:35]} 36. Nc5
{[%clk 0:36:35]} Nc7 {[%clk 0:09:57]} 37. Rb7 {[%clk 0:35:35]} Kd8
{[%clk 0:10:24]} 38. Ne4 {[%clk 0:35:37]} Ra6 {[%clk 0:09:08]} 39. Kg3
{[%clk 0:33:14]} h6 {[%clk 0:09:18]} 40. f4 {[%clk 0:32:26]} Rc6 {[%clk 0:07:49]}
41. b4 {[%clk 0:31:27]} Kc8 {[%clk 0:06:44]} 42. Nd6+ {[%clk 0:29:50]} Rxd6
{[%clk 0:06:32]} 43. exd6 {[%clk 0:30:19]} Kxb7 {[%clk 0:06:52]} 44. dxc7
{[%clk 0:30:46]} 1-0

[Event "ccc 2015 1"]
[Site "?"]
[Date "2015.05.03"]
[Round "9.2"]
[White "Gledura,2478, IM Benjamin"]
[Black "Haub,2412, IM Thorsten Michael"]
[Result "1/2-1/2"]
[BlackElo "2412"]
[WhiteElo "2478"]
[LiveChessVersion "1.4.5"]

1. d4 {[%clk 1:30:56]} g6 {[%clk 1:30:49]} 2. e4 {[%clk 1:31:09]} Bg7
{[%clk 1:31:14]} 3. Nf3 {[%clk 1:31:20]} d6 {[%clk 1:31:37]} 4. Be2
{[%clk 1:31:30]} Nd7 {[%clk 1:31:37]} 5. c4 {[%clk 1:31:33]} e6 {[%clk 1:31:35]}
6. Nc3 {[%clk 1:31:23]} Ne7 {[%clk 1:31:58]} 7. Be3 {[%clk 1:29:59]} h6
{[%clk 1:32:21]} 8. d5 {[%clk 1:29:22]} e5 {[%clk 1:25:42]} 9. Nd2
{[%clk 1:29:13]} f5 {[%clk 1:26:01]} 10. f3 {[%clk 1:27:18]} O-O {[%clk 1:23:12]}
11. Qc2 {[%clk 1:20:09]} c5 {[%clk 1:10:06]} 12. h3 {[%clk 1:14:41]} g5
{[%clk 0:54:44]} 13. Bd3 {[%clk 1:10:26]} f4 {[%clk 0:54:15]} 14. Bf2
{[%clk 1:10:26]} Nf6 {[%clk 0:54:36]} 15. a3 {[%clk 1:09:42]} 1/2-1/2

[Event "ccc 2015 1"]
[Site "?"]
[Date "2015.05.03"]
[Round "9.5"]
[White "Hagen,2408, IM Andreas Skytte"]
[Black "Antonsen,2472, IM Mikkel Djernæs"]
[Result "1/2-1/2"]
[BlackElo "2472"]
[WhiteElo "2408"]
[LiveChessVersion "1.4.5"]

1. c4 {[%clk 1:30:57]} g6 {[%clk 1:30:54]} 2. g3 {[%clk 1:31:23]} Bg7
{[%clk 1:30:34]} 3. Bg2 {[%clk 1:31:48]} c5 {[%clk 1:30:55]} 4. Nc3
{[%clk 1:32:14]} Nc6 {[%clk 1:31:21]} 5. Nf3 {[%clk 1:32:40]} d6 {[%clk 1:31:18]}
6. O-O {[%clk 1:33:04]} Bf5 {[%clk 1:31:40]} 7. a3 {[%clk 1:32:22]} Qd7
{[%clk 1:31:05]} 8. b4 {[%clk 1:32:43]} Nf6 {[%clk 1:15:57]} 9. Bb2
{[%clk 1:32:15]} Ne4 {[%clk 1:11:26]} 10. Qb3 {[%clk 1:13:26]} Nxc3
{[%clk 1:07:48]} 11. Bxc3 {[%clk 1:13:42]} Nd4 {[%clk 1:08:02]} 12. Nxd4
{[%clk 1:10:58]} cxd4 {[%clk 1:08:24]} 13. Bb2 {[%clk 1:11:19]} O-O
{[%clk 1:08:43]} 14. e4 {[%clk 1:01:59]} dxe3 {[%clk 1:08:53]} 15. dxe3
{[%clk 1:01:32]} Bxb2 {[%clk 1:09:10]} 16. Qxb2 {[%clk 1:01:57]} Bh3
{[%clk 1:09:22]} 17. Bxh3 {[%clk 0:59:12]} Qxh3 {[%clk 1:09:43]} 18. c5
{[%clk 0:58:07]} Rad8 {[%clk 0:52:56]} 19. Qd4 {[%clk 0:51:33]} a6
{[%clk 0:50:49]} 20. Qe4 {[%clk 0:50:05]} Qd7 {[%clk 0:47:23]} 21. cxd6
{[%clk 0:49:06]} exd6 {[%clk 0:47:49]} 22. Rfd1 {[%clk 0:47:11]} Rfe8
{[%clk 0:48:04]} 23. Qd4 {[%clk 0:45:20]} Qe6 {[%clk 0:41:49]} 24. Qb6
{[%clk 0:34:15]} Rd7 {[%clk 0:39:57]} 25. Rd3 {[%clk 0:33:39]} Rc8
{[%clk 0:39:06]} 26. Rad1 {[%clk 0:32:44]} Rc6 {[%clk 0:39:30]} 27. Qd4
{[%clk 0:31:59]} h5 {[%clk 0:38:55]} 28. h4 {[%clk 0:31:00]} b5 {[%clk 0:32:57]}
29. Qd5 {[%clk 0:27:14]} Qxd5 {[%clk 0:32:22]} 30. Rxd5 {[%clk 0:27:39]} Kf8
{[%clk 0:31:40]} 31. R1d3 {[%clk 0:25:34]} Ke7 {[%clk 0:31:38]} 32. Kg2
{[%clk 0:24:16]} f6 {[%clk 0:28:10]} 33. Kf3 {[%clk 0:23:00]} Rdc7
{[%clk 0:28:20]} 34. Kf4 {[%clk 0:21:28]} Rc4+ {[%clk 0:28:05]} 35. e4
{[%clk 0:21:34]} R7c6 {[%clk 0:28:15]} 36. f3 {[%clk 0:18:50]} Rc1
{[%clk 0:25:46]} 37. R5d4 {[%clk 0:16:01]} Rg1 {[%clk 0:20:14]} 38. Rd5
{[%clk 0:15:44]} Rh1 {[%clk 0:19:39]} 39. R5d4 {[%clk 0:12:50]} Ra1
{[%clk 0:18:59]} 40. Rd5 {[%clk 0:13:04]} Rac1 {[%clk 0:17:14]} 41. R5d4
{[%clk 0:11:26]} 1/2-1/2

[Event "ccc 2015 1"]
[Site "?"]
[Date "2015.05.03"]
[Round "9.6"]
[White "Nielsen,2458, IM Jens Ove Fries"]
[Black "Dijkhuis,2288, FM Tycho"]
[Result "1-0"]
[BlackElo "2288"]
[WhiteElo "2458"]
[LiveChessVersion "1.4.5"]

1. d4 {[%clk 1:30:01]} Nf6 {[%clk 1:30:07]} 2. Nc3 {[%clk 1:30:07]} c5
{[%clk 1:27:46]} 3. e3 {[%clk 1:29:27]} g6 {[%clk 1:27:00]} 4. g4 Qa5
{[%clk 1:16:38]} 5. Bd2 {[%clk 1:26:25]} cxd4 {[%clk 1:13:49]} 6. exd4
{[%clk 1:26:32]} Bg7 {[%clk 1:13:58]} 7. g5 {[%clk 1:25:53]} Nd5 {[%clk 1:14:02]}
8. Nb5 {[%clk 1:24:48]} Qd8 {[%clk 1:13:17]} 9. Qf3 {[%clk 1:24:09]} Nb6
{[%clk 1:09:23]} 10. O-O-O {[%clk 1:17:34]} a6 {[%clk 1:07:12]} 11. Nd6+
{[%clk 1:14:27]} exd6 {[%clk 1:07:26]} 12. Re1+ {[%clk 1:14:56]} Kf8
{[%clk 1:07:39]} 13. Qf4 {[%clk 1:15:23]} Kg8 {[%clk 1:03:31]} 14. Ba5
{[%clk 1:09:42]} h6 {[%clk 0:58:16]} 15. Bxb6 {[%clk 0:46:26]} Qxg5
{[%clk 0:42:52]} 16. Qxg5 {[%clk 0:46:17]} hxg5 {[%clk 0:43:17]} 17. d5
{[%clk 0:46:25]} a5 {[%clk 0:43:27]} 18. Nf3 {[%clk 0:44:50]} Bf6
{[%clk 0:43:50]} 19. Re8+ {[%clk 0:44:40]} Kg7 {[%clk 0:44:09]} 20. Rxh8
{[%clk 0:45:02]} Kxh8 {[%clk 0:44:34]} 21. Rg1 {[%clk 0:44:30]} Na6
{[%clk 0:44:31]} 22. Nxg5 {[%clk 0:44:32]} Kg7 {[%clk 0:44:27]} 23. f4
{[%clk 0:43:58]} Nc5 {[%clk 0:43:21]} 24. Bb5 {[%clk 0:42:56]} Bd4
{[%clk 0:39:53]} 25. Re1 {[%clk 0:43:01]} f6 {[%clk 0:36:02]} 26. Ne4
{[%clk 0:37:48]} Nb3+ {[%clk 0:30:37]} 27. axb3 {[%clk 0:37:46]} Bxb6
{[%clk 0:31:02]} 28. Nxd6 {[%clk 0:38:07]} Bc5 {[%clk 0:31:14]} 29. Ne8+
{[%clk 0:31:24]} Kf7 {[%clk 0:31:03]} 30. d6 {[%clk 0:31:28]} b6 {[%clk 0:30:58]}
31. Nc7 {[%clk 0:29:10]} Rb8 {[%clk 0:30:48]} 32. Re7+ {[%clk 0:28:50]} Kf8
{[%clk 0:31:00]} 33. Re8+ {[%clk 0:29:05]} Kf7 {[%clk 0:30:20]} 34. Bc4+
{[%clk 0:29:03]} Kg7 {[%clk 0:30:44]} 35. Nb5 {[%clk 0:25:44]} Ra8
{[%clk 0:30:07]} 36. Bd5 {[%clk 0:25:56]} Rb8 {[%clk 0:29:30]} 37. c4
{[%clk 0:25:37]} 1-0

[Event "ccc 2015 1"]
[Site "?"]
[Date "2015.05.03"]
[Round "9.7"]
[White "Christiansen,2392, FM Johan-Sebastian"]
[Black "Percivaldi,2333, FM Martin"]
[Result "1-0"]
[BlackElo "2333"]
[WhiteElo "2392"]
[LiveChessVersion "1.4.5"]

1. Nf3 {[%clk 1:30:32]} d5 {[%clk 1:30:50]} 2. g3 {[%clk 1:30:09]} Bg4
{[%clk 1:31:08]} 3. Bg2 {[%clk 1:30:35]} c6 {[%clk 1:31:24]} 4. c4
{[%clk 1:30:59]} e6 {[%clk 1:31:37]} 5. O-O {[%clk 1:30:31]} Nf6 {[%clk 1:28:08]}
6. d3 {[%clk 1:30:46]} Bd6 {[%clk 1:26:53]} 7. Qc2 {[%clk 1:27:41]} O-O
{[%clk 1:23:47]} 8. Nbd2 {[%clk 1:26:41]} Nbd7 {[%clk 1:22:37]} 9. b3
{[%clk 1:23:12]} Qe7 {[%clk 1:22:32]} 10. Bb2 {[%clk 1:19:51]} a5
{[%clk 1:20:28]} 11. Rfe1 {[%clk 1:16:22]} e5 {[%clk 1:17:34]} 12. e4
{[%clk 1:13:09]} dxe4 {[%clk 1:11:56]} 13. dxe4 {[%clk 1:11:01]} Ba3
{[%clk 1:11:55]} 14. Bc3 {[%clk 1:04:46]} Bb4 {[%clk 1:11:24]} 15. Nh4
{[%clk 1:04:50]} Bxc3 {[%clk 1:03:14]} 16. Qxc3 {[%clk 1:05:11]} Qb4
{[%clk 1:02:34]} 17. Qc2 {[%clk 0:59:02]} a4 {[%clk 0:59:51]} 18. h3
{[%clk 0:56:36]} Be6 {[%clk 0:59:28]} 19. Ndf3 {[%clk 0:56:14]} Ra5
{[%clk 0:53:12]} 20. Ng5 {[%clk 0:38:19]} Nc5 {[%clk 0:50:09]} 21. Nhf3
{[%clk 0:37:34]} axb3 {[%clk 0:40:34]} 22. axb3 {[%clk 0:37:59]} Nxb3
{[%clk 0:40:41]} 23. Rxa5 {[%clk 0:37:40]} Nxa5 {[%clk 0:41:05]} 24. Nxe6
{[%clk 0:29:32]} fxe6 {[%clk 0:41:26]} 25. Rc1 {[%clk 0:24:11]} Qc5
{[%clk 0:40:05]} 26. Ng5 {[%clk 0:22:03]} Re8 {[%clk 0:39:50]} 27. Bf1
{[%clk 0:20:44]} h6 {[%clk 0:38:37]} 28. Nf3 {[%clk 0:21:10]} Rf8
{[%clk 0:37:08]} 29. Kg2 {[%clk 0:20:06]} Nd7 {[%clk 0:30:08]} 30. Qb2
{[%clk 0:18:48]} b6 {[%clk 0:29:43]} 31. Rd1 {[%clk 0:18:41]} Rf7
{[%clk 0:27:06]} 32. Qc3 {[%clk 0:18:08]} Nb7 {[%clk 0:25:51]} 33. Be2
{[%clk 0:14:05]} Qf8 {[%clk 0:22:00]} 34. Qe3 {[%clk 0:12:30]} Nbc5
{[%clk 0:15:47]} 35. Rb1 {[%clk 0:12:44]} Qd6 {[%clk 0:15:32]} 36. Rd1
{[%clk 0:12:59]} Qc7 {[%clk 0:15:53]} 37. Ra1 {[%clk 0:06:14]} Rf8
{[%clk 0:16:17]} 38. Bd1 {[%clk 0:06:13]} b5 {[%clk 0:15:14]} 39. Rb1
{[%clk 0:04:40]} Rb8 {[%clk 0:14:36]} 40. cxb5 {[%clk 0:03:07]} cxb5
{[%clk 0:14:53]} 41. Be2 {[%clk 0:01:08]} Qc6 {[%clk 0:12:33]} 42. Nd2
{[%clk 0:01:26]} b4 {[%clk 0:09:57]} 43. Bc4 {[%clk 0:00:44]} Na4
{[%clk 0:09:46]} 44. Bb3 {[%clk 0:00:34]} Nc3 {[%clk 0:10:04]} 45. Rc1
{[%clk 0:00:33]} Nc5 {[%clk 0:08:36]} 46. Bc4 {[%clk 0:01:02]} Kh8
{[%clk 0:08:38]} 47. Kh2 {[%clk 0:00:58]} Qd6 {[%clk 0:08:25]} 48. Nf3
{[%clk 0:00:57]} N3xe4 {[%clk 0:08:01]} 49. Rb1 {[%clk 0:00:37]} Rb6
{[%clk 0:06:41]} 50. Ra1 {[%clk 0:00:50]} Rb8 51. Rb1 {[%clk 0:01:19]} Rb6
{[%clk 0:04:05]} 52. Rb2 {[%clk 0:01:27]} Rb7 {[%clk 0:03:14]} 53. Kg2
{[%clk 0:01:10]} Ra7 {[%clk 0:03:14]} 54. Rxb4 {[%clk 0:01:21]} Ra1
{[%clk 0:03:40]} 55. Qe2 {[%clk 0:01:23]} Nc3 {[%clk 0:02:21]} 56. Nxe5
{[%clk 0:01:08]} Kg8 {[%clk 0:01:49]} 57. Qe3 {[%clk 0:00:54]} N5e4
{[%clk 0:01:50]} 58. Nd3 {[%clk 0:00:38]} Ng5 {[%clk 0:01:23]} 59. Rb6
{[%clk 0:00:51]} Qd8 {[%clk 0:01:10]} 60. Bxe6+ {[%clk 0:00:53]} Kh8
{[%clk 0:01:22]} 61. Nc5 {[%clk 0:00:55]} Na4 {[%clk 0:00:59]} 62. Rc6
{[%clk 0:00:57]} Qa8 {[%clk 0:01:14]} 63. Bd5 {[%clk 0:01:26]} Qd8
{[%clk 0:01:21]} 64. Qd4 {[%clk 0:01:36]} Nc3 {[%clk 0:01:34]} 65. Rxh6+
{[%clk 0:01:56]} Nh7 {[%clk 0:01:58]} 66. Rxh7+ {[%clk 0:02:21]} 1-0

[Event "ccc 2015 1"]
[Site "?"]
[Date "2015.05.03"]
[Round "9.8"]
[White "Tari,2513, IM Aryan"]
[Black "Nielsen,2339, FM Niels Jørgen Fries"]
[Result "1-0"]
[BlackElo "2339"]
[WhiteElo "2513"]
[LiveChessVersion "1.4.5"]

1. c4 {[%clk 1:30:57]} Nf6 {[%clk 1:29:05]} 2. Nc3 {[%clk 1:31:15]} e5
{[%clk 1:29:28]} 3. Nf3 {[%clk 1:31:32]} d6 {[%clk 1:29:54]} 4. d4
{[%clk 1:31:45]} Nbd7 {[%clk 1:30:22]} 5. Bg5 {[%clk 1:32:07]} Be7
{[%clk 1:30:39]} 6. e3 {[%clk 1:32:30]} O-O {[%clk 1:30:20]} 7. Qc2
{[%clk 1:32:54]} c6 {[%clk 1:29:58]} 8. O-O-O {[%clk 1:33:11]} Qa5
{[%clk 1:27:09]} 9. Bd3 {[%clk 1:30:53]} Re8 {[%clk 1:24:58]} 10. Kb1
{[%clk 1:27:38]} Nf8 {[%clk 1:17:30]} 11. h3 {[%clk 1:18:19]} Be6
{[%clk 1:14:03]} 12. g4 {[%clk 1:14:09]} exd4 {[%clk 1:12:40]} 13. exd4
{[%clk 1:12:52]} d5 {[%clk 1:11:18]} 14. c5 {[%clk 1:10:19]} Ne4 {[%clk 1:07:04]}
15. Bxe4 {[%clk 1:08:37]} dxe4 {[%clk 1:07:27]} 16. Bxe7 {[%clk 1:08:56]} Rxe7
{[%clk 1:03:44]} 17. Ng5 {[%clk 1:01:35]} Bd5 {[%clk 0:56:50]} 18. Rhe1
{[%clk 0:57:29]} Rae8 {[%clk 0:56:41]} 19. a3 {[%clk 0:54:49]} Qc7
{[%clk 0:52:38]} 20. Ngxe4 {[%clk 0:46:35]} Qf4 {[%clk 0:50:15]} 21. f3
{[%clk 0:46:34]} Qxf3 {[%clk 0:48:34]} 22. Rf1 {[%clk 0:46:43]} Bxe4
{[%clk 0:44:49]} 23. Rxf3 {[%clk 0:47:05]} Bxc2+ {[%clk 0:45:16]} 24. Kxc2
{[%clk 0:47:27]} Ne6 {[%clk 0:39:31]} 25. b4 {[%clk 0:46:16]} Nc7
{[%clk 0:36:28]} 26. d5 {[%clk 0:44:48]} cxd5 {[%clk 0:35:53]} 27. Nxd5
{[%clk 0:45:16]} Re2+ {[%clk 0:36:08]} 28. Kb3 {[%clk 0:45:02]} Ne6
{[%clk 0:35:52]} 29. Nc3 {[%clk 0:44:03]} Re5 {[%clk 0:34:33]} 30. Nb5
{[%clk 0:34:00]} a5 {[%clk 0:28:45]} 31. Nd6 {[%clk 0:33:20]} Rd8
{[%clk 0:27:12]} 32. Rdd3 {[%clk 0:23:49]} axb4 {[%clk 0:26:25]} 33. axb4
{[%clk 0:24:16]} Rd7 {[%clk 0:23:06]} 34. Kc4 {[%clk 0:24:12]} h5
{[%clk 0:23:02]} 35. Rf5 {[%clk 0:23:44]} Re1 {[%clk 0:21:41]} 36. gxh5
{[%clk 0:23:39]} Rc1+ {[%clk 0:20:48]} 37. Kb5 {[%clk 0:22:09]} Rb1
{[%clk 0:19:43]} 38. Rff3 {[%clk 0:21:18]} Nc7+ {[%clk 0:19:09]} 39. Kc4
{[%clk 0:21:42]} Ne6 {[%clk 0:18:11]} 40. Ra3 {[%clk 0:21:14]} Rc1+
{[%clk 0:18:14]} 41. Rfc3 {[%clk 0:21:19]} Rf1 {[%clk 0:16:31]} 42. Ra8+
{[%clk 0:17:40]} Kh7 {[%clk 0:16:29]} 43. Rb8 {[%clk 0:17:48]} Rf4+
{[%clk 0:14:10]} 44. Kb5 {[%clk 0:18:17]} Nc7+ {[%clk 0:13:36]} 45. Ka5
{[%clk 0:18:12]} Rxb4 {[%clk 0:09:59]} 46. Rxb7 {[%clk 0:18:20]} Rxb7
{[%clk 0:09:59]} 47. Nxb7 {[%clk 0:18:48]} Kh6 {[%clk 0:06:57]} 48. Rg3
{[%clk 0:16:33]} Rd5 {[%clk 0:06:01]} 49. Kb6 {[%clk 0:17:01]} Ne6
{[%clk 0:05:59]} 50. c6 {[%clk 0:17:13]} Rd1 {[%clk 0:05:52]} 51. Nc5
{[%clk 0:16:13]} Nf4 {[%clk 0:04:40]} 52. Kb7 {[%clk 0:13:29]} Rc1
{[%clk 0:04:47]} 53. Nb3 {[%clk 0:13:26]} Rc2 {[%clk 0:04:03]} 54. c7
{[%clk 0:13:45]} Nxh5 {[%clk 0:04:30]} 55. Rf3 1-0

[Event "ccc 2015 1"]
[Site "?"]
[Date "2015.05.03"]
[Round "9.9"]
[White "Christensen,2358, IM Tobias Bent"]
[Black "Hector,2486, GM Jonny"]
[Result "0-1"]
[BlackElo "2486"]
[WhiteElo "2358"]
[LiveChessVersion "1.4.5"]

1. e4 {[%clk 1:30:59]} e5 {[%clk 1:30:51]} 2. Nf3 {[%clk 1:31:26]} Nc6
{[%clk 1:31:12]} 3. d4 {[%clk 1:31:53]} exd4 {[%clk 1:31:25]} 4. Nxd4
{[%clk 1:32:18]} Qf6 {[%clk 1:29:56]} 5. Nxc6 {[%clk 1:32:40]} Bc5
{[%clk 1:29:01]} 6. Qf3 {[%clk 1:33:06]} bxc6 {[%clk 1:29:13]} 7. Nd2
{[%clk 1:32:52]} a5 {[%clk 1:28:36]} 8. Bd3 {[%clk 1:32:56]} d6 {[%clk 1:26:12]}
9. O-O {[%clk 1:30:37]} a4 {[%clk 1:24:11]} 10. Re1 {[%clk 1:20:14]} Be6
{[%clk 1:19:26]} 11. e5 {[%clk 1:10:52]} Qxf3 {[%clk 1:19:17]} 12. Nxf3
{[%clk 1:11:17]} d5 {[%clk 1:15:42]} 13. Bd2 {[%clk 1:09:49]} Ne7
{[%clk 1:15:23]} 14. b4 {[%clk 1:07:11]} axb3 {[%clk 1:03:33]} 15. axb3
{[%clk 1:06:56]} Kd7 {[%clk 1:03:46]} 16. Bc3 {[%clk 0:54:49]} Bb6
{[%clk 1:02:01]} 17. Kf1 {[%clk 0:51:15]} c5 {[%clk 1:01:28]} 18. Rxa8
{[%clk 0:47:34]} Rxa8 {[%clk 1:00:54]} 19. Ra1 {[%clk 0:47:40]} Rxa1+
{[%clk 0:59:25]} 20. Bxa1 {[%clk 0:48:08]} Ba5 {[%clk 0:58:37]} 21. Bb2
{[%clk 0:37:14]} h6 {[%clk 0:58:30]} 22. h3 {[%clk 0:35:43]} d4 {[%clk 0:53:34]}
23. Ba3 {[%clk 0:34:51]} Bb6 {[%clk 0:52:56]} 24. Bb5+ {[%clk 0:25:27]} c6
{[%clk 0:50:13]} 25. Bd3 {[%clk 0:25:48]} Ng6 {[%clk 0:49:08]} 26. Be4
{[%clk 0:10:09]} Bd5 {[%clk 0:44:13]} 27. Bf5+ {[%clk 0:10:18]} Ke8
{[%clk 0:44:21]} 28. Bxg6 {[%clk 0:07:57]} fxg6 {[%clk 0:44:33]} 29. Ne1
{[%clk 0:07:10]} c4 {[%clk 0:43:08]} 30. bxc4 {[%clk 0:07:38]} Bxc4+
{[%clk 0:43:29]} 31. Nd3 {[%clk 0:08:02]} g5 {[%clk 0:40:02]} 32. g3
{[%clk 0:07:56]} Be6 {[%clk 0:34:36]} 33. Kg2 {[%clk 0:04:32]} Bf5
{[%clk 0:30:22]} 34. f4 {[%clk 0:02:50]} gxf4 {[%clk 0:29:13]} 35. gxf4
{[%clk 0:03:15]} Kf7 {[%clk 0:28:54]} 36. h4 {[%clk 0:02:49]} h5 {[%clk 0:28:23]}
37. Kf3 {[%clk 0:01:17]} Ke6 {[%clk 0:26:43]} 38. Bc5 {[%clk 0:01:12]} Bxc5
{[%clk 0:26:44]} 39. Nxc5+ {[%clk 0:01:39]} Kd5 {[%clk 0:27:05]} 40. Nd3
{[%clk 0:01:59]} c5 {[%clk 0:27:08]} 41. Ke2 {[%clk 0:00:55]} c4 {[%clk 0:25:58]}
42. Ne1 {[%clk 0:01:22]} Ke4 {[%clk 0:25:16]} 43. Ng2 {[%clk 0:01:28]} Bh3
{[%clk 0:23:08]} 44. Kf2 {[%clk 0:01:37]} c3 {[%clk 0:20:19]} 45. Ne1
{[%clk 0:00:36]} Kxf4 {[%clk 0:18:06]} 46. Nf3 {[%clk 0:00:35]} d3
{[%clk 0:14:43]} 47. e6 {[%clk 0:00:57]} d2 {[%clk 0:13:18]} 0-1

[Event "ccc 2015 1"]
[Site "?"]
[Date "2015.05.03"]
[Round "9.10"]
[White "Rydstrom,2286, FM Tom"]
[Black "Carstensen,2382, FM Jacob"]
[Result "1/2-1/2"]
[BlackElo "2382"]
[WhiteElo "2286"]
[LiveChessVersion "1.4.5"]

1. e4 {[%clk 1:30:39]} c5 {[%clk 1:30:54]} 2. Nf3 {[%clk 1:30:57]} d6
{[%clk 1:31:20]} 3. d4 {[%clk 1:31:24]} Nf6 {[%clk 1:31:46]} 4. Nc3
{[%clk 1:31:44]} cxd4 {[%clk 1:32:13]} 5. Nxd4 {[%clk 1:32:10]} a6
{[%clk 1:32:40]} 6. Bg5 {[%clk 1:31:30]} Nbd7 {[%clk 1:30:49]} 7. Qe2
{[%clk 1:31:55]} e6 {[%clk 1:29:00]} 8. f4 {[%clk 1:31:33]} Be7 {[%clk 1:27:45]}
9. O-O-O {[%clk 1:28:43]} Qc7 {[%clk 1:21:24]} 10. g4 {[%clk 1:23:59]} b5
{[%clk 1:11:06]} 11. a3 {[%clk 1:23:04]} Bb7 {[%clk 1:11:07]} 12. Bg2
{[%clk 1:23:30]} Nb6 {[%clk 0:59:03]} 13. Bxf6 {[%clk 1:10:43]} gxf6
{[%clk 0:57:08]} 14. f5 {[%clk 1:10:54]} e5 {[%clk 0:56:03]} 15. Nb3
{[%clk 1:10:38]} Rb8 {[%clk 0:31:00]} 16. Rd3 {[%clk 0:48:43]} Nc4
{[%clk 0:30:31]} 17. Nd2 {[%clk 0:43:11]} h5 {[%clk 0:26:50]} 18. Rh3
{[%clk 0:30:45]} Bf8 {[%clk 0:22:55]} 19. Nxc4 {[%clk 0:29:05]} bxc4
{[%clk 0:23:24]} 20. Kb1 {[%clk 0:24:54]} Ba8 {[%clk 0:20:14]} 21. Ka2
{[%clk 0:24:12]} Bg7 {[%clk 0:13:43]} 22. Rb1 {[%clk 0:20:45]} Ke7
{[%clk 0:13:26]} 23. Rxh5 {[%clk 0:18:19]} Rxh5 {[%clk 0:13:43]} 24. gxh5
{[%clk 0:18:48]} Bh6 {[%clk 0:14:01]} 25. Bf1 {[%clk 0:18:22]} Rc8
{[%clk 0:14:04]} 26. Rd1 {[%clk 0:18:48]} Qb6 {[%clk 0:13:18]} 27. Re1
{[%clk 0:12:28]} Qd4 {[%clk 0:11:47]} 28. Rd1 {[%clk 0:12:21]} Qb6
{[%clk 0:12:12]} 29. Re1 {[%clk 0:11:17]} Qd4 {[%clk 0:12:16]} 30. Rd1
{[%clk 0:11:18]} 1/2-1/2